Footballeurs - Citations - 1 - Statistiques

Statistiques générales
  • Ce quiz a été pris 72 fois
  • Le résultat moyen est 3 sur 15
Statistiques - réponses
Hint Réponse % Correct
"J'ai dépensé beaucoup d'argent dans la boisson, les filles et les voitures de sport. Et le reste, je l'ai gaspillé." George Best
68%
"Votre amour me rend fort, votre haine me rend invincible." Cristiano Ronaldo
38%
"C'était un peu difficile au début, cette sensation d'être considéré comme un joyau..." Kylian Mbappé
22%
"Ce que Zidane fait avec un ballon Maradona le faisait avec une orange." Michel Platini
22%
"Les rêves ne sont pas ce que vous voyez dans votre sommeil, les rêves sont des choses qui ne vous permettent pas de dormir." Cristiano Ronaldo
21%
"Arriver dans la surface et ne pas pouvoir tirer au but, c'est comme danser avec sa soeur." Diego Maradona
19%
"Dans le football, comme dans la vie, on peut pas avoir que des architectes, on doit aussi avoir des maçons." Didier Deschamps
17%
"Je ne joue pas contre une équipe en particulier. Je joue pour me battre contre l'idée de perdre." Éric Cantona
14%
"Quand les gens parlent de toi, c'est que tu existes." Éric Cantona
14%
"Pour gagner, il faut accepter de perdre." Luis Fernandez
14%
"Le succès n'a pas besoin d'explication, l'échec n'admet pas de justification." Luis Fernandez
10%
"Les performances individuelles, ce n'est pas le plus important. On gagne et on perd en équipe." Zinédine Zidane
10%
"Dieu pardonne, moi pas." Gerd Muller
6%
"Celui qui pense que la victoire ne compte pas ne gagnera jamais rien." Pelé
6%
"Lorsque les gens réussissent, c'est grâce à un travail acharné. La chance n'a rien à voir avec le succès." Diego Maradona
3%
Aucun quiz correspondant
Distribution des résultats
% des personnes avec chaque résultat
Percentile par nombre de réponses
Votre historique - résultats
Vous n’avez pas pris ce quiz